Normal view
MARC view
- Dr. Anwaar Ahmed
Entry Personal Name
001 - CONTROL NUMBER
- control field: 30123
003 - CONTROL NUMBER IDENTIFIER
- control field: NUST
005 - DATE AND TIME OF LATEST TRANSACTION
- control field: 20200916121348.0
008 - FIXED-LENGTH DATA ELEMENTS
- fixed length control field: 200916|| aca||aabn | a|a d
040 ## - CATALOGING SOURCE
- Original cataloging agency: NUST
- Transcribing agency: NUST
100 ## - HEADING--PERSONAL NAME
- Personal name: Dr. Anwaar Ahmed
670 ## - SOURCE DATA FOUND
- Source citation: Work cat.: (NUST): Subhan, Fazle 30122, Estimation of national road crash injuries using data from multiple sources /, 2015.
